| 000 -LEADER |
| fixed length control field |
01791nam a22001577a 4500 |
| 008 - FIXED-LENGTH DATA ELEMENTS--GENERAL INFORMATION |
| fixed length control field |
210724b ||||| |||| 00| 0 eng d |
| 100 ## - MAIN ENTRY--PERSONAL NAME |
| Personal name |
Young, S.L., Wiley, K.K. and Searing, E.A.M. |
| 245 ## - TITLE STATEMENT |
| Title |
“Squandered in real time”: How public management theory underestimated the public administration–politics dichotomy |
| 260 ## - PUBLICATION, DISTRIBUTION, ETC. (IMPRINT) |
| Place of publication, distribution, etc |
American Review of Public Administration |
| 300 ## - PHYSICAL DESCRIPTION |
| Extent |
50(6-7), Aug-Oct, 2020: p.480-488 |
| 520 ## - SUMMARY, ETC. |
| Summary, etc |
The United States places great emphasis on the public administration–politics dichotomy, but what happens to public management when the dichotomy breaks down? The authors critically evaluate the public management frameworks, New Public Management and New Public Governance, in the context of two major public management failures: the U.S. State of Illinois Budget Impasse during 2015–2017 and the COVID-19 Pandemic. A definition of public management failure is proffered, and both public management frameworks are found to have polarized and opposing views on whether process or outcome should have priority in crisis. We question whether the two major seminal theories in our field are still generalizable when their assumptions about the dichotomy and political neutrality are challenged in times of crises. The polarized perspectives were found to contribute to the public management failures. Ultimately, both frameworks were found to minimize the political influences that public administration and public management operate under, leaving a need for a more holistic and realistic framework. - Reproduced |
| 650 ## - SUBJECT ADDED ENTRY--TOPICAL TERM |
| Topical term or geographic name as entry element |
Public administration dichotomy, Nonprofit, COVID-19, New public management, New public governance |
| 9 (RLIN) |
25671 |
| 773 ## - HOST ITEM ENTRY |
| Main entry heading |
American Review of Public Administration |
| 906 ## - LOCAL DATA ELEMENT F, LDF (RLIN) |
| Subject DIP |
PUBLIC ADMINISTRATION |
| 942 ## - ADDED ENTRY ELEMENTS (KOHA) |
| Item type |
Articles |